| 000 | 00810ngm a22003130a 4500 | ||
|---|---|---|---|
| 001 | PT11579 | ||
| 003 | AR-LpoUNG | ||
| 005 | 20210202000147.0 | ||
| 007 | vd cvaizq | ||
| 008 | 191001ss.f.||||ag |||||||||||||||||spa d | ||
| 040 |
_aAR-LpoUNG _bspa _cAR-LpoUNG _eaacr |
||
| 041 | _aspa | ||
| 044 | _aag | ||
| 082 | 0 | _a303.482 981v1 | |
| 245 | 1 | 3 |
_aLa globalización : _b¿convergencia de identidades o vacío cultural? : 1 |
| 260 |
_as.l. : _bFundación OSDE, _cs.f.. |
||
| 650 | 4 | _aACULTURACION | |
| 650 | 4 | _aCOMERCIO | |
| 650 | 4 | _aCOMUNICACION | |
| 650 | 4 | _aCULTURA | |
| 650 | 4 | _aGLOBALIZACION | |
| 650 | 4 | _aPOLITICA ECONOMICA | |
| 650 | 4 | _aTECNOLOGIA | |
| 651 | 4 | _aDOCUMENTOS TEORICOS O METODOLOGICOS | |
| 653 | _aVIDEOS | ||
| 710 | 2 | _aFundación OSDE | |
| 905 | _a11579 | ||
| 942 | _cVIDEO | ||
| 999 |
_c54232 _d54232 |
||